[Event "London Classic op 4th"]
[Site "London"]
[Date "2012.12.09"]
[Round "9"]
[White "De Coverly, Roger D"]
[Black "Black, Richard"]
[Result "0-1"]
[WhiteElo "2038"]
[BlackElo "2227"]
[PlyCount "106"]
[EventDate "2012.12.01"]
[EventType "swiss"]
[EventRounds "9"]
[EventCountry "ENG"]
[SourceTitle "EXT 2014"]
[Source "ChessBase"]
[SourceDate "2013.11.20"]
[SourceVersion "1"]
[SourceVersionDate "2013.11.20"]
[SourceQuality "1"]

1. e4 d6 2. d4 Nf6 3. Nc3 c6 4. f4 Qa5 5. e5 Ne4 6. Qf3 d5 7. Bd3 Na6 8. Nge2 Nb4 9. f5 Nxd3+ 10. cxd3 Nxc3 11. bxc3 e6 12. f6 g6 13. h4 h5 14. 0-0 Bd7 15. c4 0-0-0 16. Bb2 Kb8 17. Bc3 Qa6 18. c5 b6 19. Rfb1 Kc7 20. cxb6+ axb6 21. a4 Ra8 22. a5 bxa5 23. Bxa5+ Qxa5 24. Rxa5 Rxa5 25. Qf1 Ba3 26. Qe1 Rha8 27. Nc1 Ra4 28. Nb3 Bb4 29. Qc1 Ba3 30. Qc2 Bc8 31. Kh2 Ba6 32. Kg3 Bb5 33. Nc5 R4a5 34. Qd2 Bxc5 35. dxc5 Ra3 36. Kh2 Bxd3 37. Rb2 R8a4 38. Rb4 Ra2 39. Qc3 R2a3 40. Qb2 Bb5 41. Rxa4 Rxa4 42. Kh3 d4 43. Qd2 d3 44. g3 Kb7 45. Qh6 Rd4 46. Qf8 d2 47. Qxf7+ Ka6 48. Qc7 Bf1+ 49. Kh2 Kb5 50. Qb6+ Kc4 51. f7 d1Q 52. Qa6+ Kd5 53. Qa2+ Kxe5 0-1

[Event "London Classic op 4th"]
[Site "London"]
[Date "2012.12.07"]
[Round "7"]
[White "Rodriguez Alvarez, Vidal Hely"]
[Black "Black, Richard"]
[Result "1/2-1/2"]
[WhiteElo "2148"]
[BlackElo "2227"]
[PlyCount "106"]
[EventDate "2012.12.01"]
[EventType "swiss"]
[EventRounds "9"]
[EventCountry "ENG"]
[SourceTitle "CBM 151 Extra"]
[Source "ChessBase"]
[SourceDate "2012.12.18"]
[SourceVersion "1"]
[SourceVersionDate "2012.12.18"]
[SourceQuality "1"]

1. d4 d6 2. Nf3 Bg4 3. g3 Bxf3 4. exf3 g6 5. Bg2 c6 6. f4 Nf6 7. 0-0 Bg7 8. c4 0-0 9. Nc3 Nbd7 10. Re1 Re8 11. Qc2 Qc7 12. h3 a6 13. Be3 Rab8 14. a4 e6 15. b4 d5 16. c5 Nf8 17. Bf1 N6d7 18. b5 a5 19. Rab1 f6 20. bxc6 bxc6 21. Rxb8 Rxb8 22. Rb1 e5 23. fxe5 fxe5 24. dxe5 Nxe5 25. Bg2 Kh8 26. Ne2 Nc4 27. Bf4 Rxb1+ 28. Qxb1 Qe7 29. Bxd5 cxd5 30. c6 Be5 31. Qb5 Qd6 32. Nc3 Bxf4 33. gxf4 Qb4 34. Nxd5 Qxb5 35. axb5 a4 36. b6 Nxb6 37. Nxb6 a3 38. c7 a2 39. c8Q a1Q+ 40. Kg2 Kg7 41. Qc7+ Kg8 42. Qe5 Qa6 43. Nd5 Qe6 44. Nc3 Kf7 45. Kg3 Qxe5 46. fxe5 Ke6 47. f4 Nd7 48. Kg4 h6 49. h4 Nxe5+ 50. fxe5 Kxe5 51. Nb5 Kf6 52. Nd6 Kg7 53. Ne4 Kf7 1/2-1/2

[Event "London Classic op 4th"]
[Site "London"]
[Date "2012.12.06"]
[Round "6"]
[White "Black, Richard"]
[Black "Hanley, Craig"]
[Result "0-1"]
[WhiteElo "2227"]
[BlackElo "2412"]
[PlyCount "78"]
[EventDate "2012.12.01"]
[EventType "swiss"]
[EventRounds "9"]
[EventCountry "ENG"]
[SourceTitle "CBM 151 Extra"]
[Source "ChessBase"]
[SourceDate "2012.12.18"]
[SourceVersion "1"]
[SourceVersionDate "2012.12.18"]
[SourceQuality "1"]

1. e4 c5 2. Nf3 d6 3. d4 cxd4 4. Nxd4 Nf6 5. Nc3 a6 6. f3 e5 7. Nb3 Be6 8. Be3 h5 9. Nd5 Bxd5 10. exd5 Nbd7 11. c4 g6 12. Qd2 b6 13. Be2 a5 14. 0-0 Nc5 15. Nxc5 bxc5 16. f4 exf4 17. Bxf4 Be7 18. Bd3 0-0 19. Bh6 Ng4 20. Bxf8 Bxf8 21. Qf4 Ra7 22. Rae1 Bg7 23. g3 Bxb2 24. h3 Ne5 25. Be2 Rb7 26. Rb1 a4 27. Kg2 a3 28. g4 h4 29. Qf6 Re7 30. Qf4 Nd7 31. Bd3 Qe8 32. Qd2 Re3 33. Rf3 Re7 34. Rff1 Ne5 35. Rbe1 Qa4 36. Qg5 Re8 37. Qxh4 Nxd3 38. Rxe8+ Qxe8 39. Qg3 Qe2+ 0-1

[Event "London Classic op 4th"]
[Site "London"]
[Date "2012.12.04"]
[Round "4"]
[White "Black, Richard"]
[Black "Iyengar, Ilya"]
[Result "1-0"]
[WhiteElo "2227"]
[BlackElo "2019"]
[PlyCount "73"]
[EventDate "2012.12.01"]
[EventType "swiss"]
[EventRounds "9"]
[EventCountry "ENG"]
[SourceTitle "CBM 151 Extra"]
[Source "ChessBase"]
[SourceDate "2012.12.18"]
[SourceVersion "1"]
[SourceVersionDate "2012.12.18"]
[SourceQuality "1"]

1. e4 c5 2. Nf3 e6 3. g3 Nc6 4. Bg2 d5 5. exd5 exd5 6. 0-0 Nf6 7. Re1+ Be7 8. d4 0-0 9. Nc3 Bg4 10. dxc5 d4 11. Ne2 Bxc5 12. Nf4 h6 13. h3 Bf5 14. Nd3 Bb6 15. a3 Nd5 16. Nh4 Bh7 17. Qf3 Nce7 18. Re5 Rc8 19. Bxh6 gxh6 20. Qg4+ Kh8 21. Qh5 Nf6 22. Qxh6 Nfg8 23. Qh5 Rxc2 24. Nf4 Rc6 25. Bxc6 bxc6 26. Rae1 c5 27. Rxe7 Nxe7 28. Rxe7 Qxe7 29. Nhg6+ fxg6 30. Nxg6+ Kg7 31. Nxe7 d3 32. Qg5+ Kf7 33. Nd5 Re8 34. Qf6+ Kg8 35. Ne7+ Rxe7 36. Qxe7 c4 37. Qe6+ 1-0

[Event "BCF-chT 0001 (4NCL)"]
[Site "Birmingham"]
[Date "2000.11.25"]
[Round "3.4"]
[White "Black, Richard"]
[Black "Gormally, Daniel"]
[Result "0-1"]
[WhiteElo "2264"]
[BlackElo "2504"]
[PlyCount "78"]
[EventDate "2000.09.??"]
[EventType "team"]
[EventRounds "11"]
[EventCountry "ENG"]
[SourceTitle "EXT 2002"]
[Source "ChessBase"]
[SourceDate "2001.11.25"]
[SourceVersion "1"]
[SourceVersionDate "2001.11.25"]
[SourceQuality "1"]
[WhiteTeam "IND II"]
[BlackTeam "Guildford"]
[WhiteTeamCountry "ENG"]
[BlackTeamCountry "ENG"]

1. e4 c5 2. Nf3 d6 3. d4 Nf6 4. Nc3 cxd4 5. Nxd4 a6 6. Be3 e5 7. Nb3 Be6 8. Qd2 Be7 9. f3 0-0 10. 0-0-0 b5 11. g4 b4 12. Nd5 Bxd5 13. exd5 a5 14. Kb1 a4 15. Nc1 Qa5 16. g5 Nfd7 17. h4 Na6 18. Bxa6 Rxa6 19. h5 Qb5 20. g6 Nf6 21. Bh6 Ne8 22. Rdg1 fxg6 23. hxg6 Bf6 24. gxh7+ Kh8 25. Bg5 Bxg5 26. Qxg5 Ra7 27. Qd8 Qxd5 28. Rd1 Qc6 29. Rhe1 b3 30. cxb3 axb3 31. Nxb3 Ra8 32. Qe7 Qxf3 33. Nd2 Qf5+ 34. Ka1 Rf7 35. Qh4 Rxa2+ 36. Kxa2 Ra7+ 37. Kb3 Qd3+ 38. Kb4 Rb7+ 39. Ka4 Qa6# 0-1

[Event "BCF-chT 9900 (4NCL)"]
[Site "Birmingham"]
[Date "2000.03.26"]
[Round "8.6"]
[White "Black, Richard"]
[Black "Littlewood, Paul E"]
[Result "1/2-1/2"]
[WhiteElo "2254"]
[BlackElo "2411"]
[PlyCount "87"]
[EventDate "1999.10.??"]
[EventType "team"]
[EventRounds "11"]
[EventCountry "ENG"]
[SourceTitle "EXT 2000"]
[Source "ChessBase"]
[SourceDate "1999.11.16"]
[SourceVersion "1"]
[SourceVersionDate "1999.11.16"]
[SourceQuality "1"]
[WhiteTeam "HH"]
[BlackTeam "Wood Green"]
[WhiteTeamCountry "ENG"]
[BlackTeamCountry "ENG"]

1. e4 c5 2. Nf3 Nc6 3. Nc3 g6 4. d4 cxd4 5. Nxd4 Bg7 6. Be3 Nf6 7. Bc4 0-0 8. Bb3 d6 9. h3 Bd7 10. 0-0 Na5 11. Re1 a6 12. Bg5 h6 13. Be3 Rc8 14. Qd3 b5 15. Rad1 Nc4 16. Bc1 Rc5 17. a4 Qa5 18. axb5 axb5 19. Nf3 Rfc8 20. Nd5 Nxd5 21. exd5 Nxb2 22. Bxb2 Bxb2 23. Rxe7 Qd8 24. Rde1 Be5 25. R1xe5 dxe5 26. d6 Bf5 27. Qd2 Qf8 28. Rxf7 Qxf7 29. Bxf7+ Kxf7 30. Qxh6 Ke6 31. Qg7 Kxd6 32. Qf6+ Kc7 33. Nxe5 Kb7 34. Nxg6 Bxg6 35. Qxg6 Rxc2 36. h4 R8c6 37. Qd3 R2c5 38. g4 b4 39. Qd7+ Kb6 40. h5 b3 41. Qd2 Rb5 42. Qd8+ Kb7 43. Qd7+ Kb6 44. Qd8+ 1/2-1/2

[Event "BCF-chT 9900 (4NCL)"]
[Site "Birmingham"]
[Date "1999.11.21"]
[Round "4.6"]
[White "Black, Richard"]
[Black "Timmermans, Ivo"]
[Result "1-0"]
[WhiteElo "2204"]
[BlackElo "2213"]
[PlyCount "79"]
[EventDate "1999.10.??"]
[EventType "team"]
[EventRounds "11"]
[EventCountry "ENG"]
[SourceTitle "EXT 2000"]
[Source "ChessBase"]
[SourceDate "1999.11.16"]
[SourceVersion "1"]
[SourceVersionDate "1999.11.16"]
[SourceQuality "1"]
[WhiteTeam "HH"]
[BlackTeam "The ADS"]
[WhiteTeamCountry "ENG"]
[BlackTeamCountry "ENG"]

1. e4 e5 2. f4 exf4 3. Nf3 d6 4. d4 g5 5. h4 g4 6. Ng1 f5 7. exf5 Bxf5 8. Bxf4 Nf6 9. Nc3 Bg7 10. Qe2+ Qe7 11. Qxe7+ Kxe7 12. 0-0-0 Re8 13. Nge2 Nh5 14. g3 Nc6 15. Bg2 Nxf4 16. gxf4 Bh6 17. Nd5+ Kf7 18. Ng3 Be6 19. Nxc7 Bxa2 20. Rhf1 Bc4 21. Nxe8 Rxe8 22. Rf2 Nb4 23. b3 Bd5 24. Nf5 Bf8 25. Kb2 Kf6 26. Ng3 Bxg2 27. Rxg2 Nd5 28. Re2 Rxe2 29. Nxe2 Kf5 30. Ra1 Bh6 31. Rxa7 Ke4 32. Rxb7 Bxf4 33. Nxf4 Nxf4 34. Rxh7 Kf3 35. Rg7 g3 36. b4 Ne6 37. Rg8 Nxd4 38. h5 Nf5 39. b5 Nh6 40. Rxg3+ 1-0

[Event "BCF-chT 9900 (4NCL)"]
[Site "Birmingham"]
[Date "1999.11.20"]
[Round "3.6"]
[White "Yastrebov, Alexander"]
[Black "Black, Richard"]
[Result "1-0"]
[WhiteElo "2178"]
[BlackElo "2204"]
[PlyCount "61"]
[EventDate "1999.10.??"]
[EventType "team"]
[EventRounds "11"]
[EventCountry "ENG"]
[SourceTitle "EXT 2000"]
[Source "ChessBase"]
[SourceDate "1999.11.16"]
[SourceVersion "1"]
[SourceVersionDate "1999.11.16"]
[SourceQuality "1"]
[WhiteTeam "Wood Green II"]
[BlackTeam "HH"]
[WhiteTeamCountry "ENG"]
[BlackTeamCountry "ENG"]

1. e4 g6 2. d4 Bg7 3. c3 d6 4. f4 Nf6 5. Bd3 0-0 6. Nf3 c5 7. dxc5 Nbd7 8. cxd6 exd6 9. Be3 Re8 10. Bd4 Nxe4 11. 0-0 Ndc5 12. Bc2 Bg4 13. Bxg7 Kxg7 14. Nbd2 Qf6 15. h3 Bd7 16. Nxe4 Nxe4 17. Nd4 Re7 18. Qd3 Rae8 19. Rad1 Nc5 20. Qc4 Re3 21. f5 g5 22. b4 b5 23. Nxb5 Bxb5 24. Qxb5 Rxc3 25. Qxe8 Rxc2 26. bxc5 Qb2 27. f6+ Kh6 28. Qf8+ Kh5 29. Qxf7+ Kh4 30. Qxh7+ Kg3 31. Rd3# 1-0

[Event "BCF-chT 9900 (4NCL)"]
[Site "Birmingham"]
[Date "1999.10.09"]
[Round "1.4"]
[White "Quinn, Mark"]
[Black "Black, Richard"]
[Result "1-0"]
[WhiteElo "2377"]
[BlackElo "2254"]
[PlyCount "75"]
[EventDate "1999.10.??"]
[EventType "team"]
[EventRounds "11"]
[EventCountry "ENG"]
[SourceTitle "EXT 2000"]
[Source "ChessBase"]
[SourceDate "1999.11.16"]
[SourceVersion "1"]
[SourceVersionDate "1999.11.16"]
[SourceQuality "1"]
[WhiteTeam "Richmond"]
[BlackTeam "HH"]
[WhiteTeamCountry "ENG"]
[BlackTeamCountry "ENG"]

1. Nf3 g6 2. e4 Bg7 3. d4 d6 4. Nc3 c6 5. Be3 Nd7 6. Qd2 b5 7. a4 b4 8. Nd1 a5 9. Bd3 Ngf6 10. Bh6 0-0 11. 0-0 e5 12. c3 Rb8 13. Re1 Re8 14. Bxg7 Kxg7 15. Ne3 Qc7 16. Nh4 Nf8 17. dxe5 dxe5 18. Rad1 Ne6 19. g3 Kh8 20. Nc4 Nc5 21. Qe3 Nxd3 22. Qxd3 Be6 23. Nd6 Red8 24. c4 Nd7 25. Qf3 f6 26. Rd2 Kg7 27. b3 Nc5 28. Red1 Rd7 29. Qe3 Qa7 30. Kg2 Rbd8 31. h3 Kf8 32. f4 Kg7 33. fxe5 fxe5 34. Qg5 Nxe4 35. Qxe5+ Nf6 36. Qxe6 Re7 37. Ndf5+ gxf5 38. Nxf5+ 1-0

[Event "BCF-chT 9899 (4NCL)"]
[Site "England"]
[Date "1998.10.25"]
[Round "2.7"]
[White "Black, Richard"]
[Black "Franklin, Michael J"]
[Result "1/2-1/2"]
[WhiteElo "2235"]
[BlackElo "2240"]
[PlyCount "90"]
[EventDate "1998.10.??"]
[EventType "team"]
[EventRounds "11"]
[EventCountry "ENG"]
[SourceTitle "EXT 2000"]
[Source "ChessBase"]
[SourceDate "1999.11.16"]
[SourceVersion "1"]
[SourceVersionDate "1999.11.16"]
[SourceQuality "1"]
[WhiteTeam "HH"]
[BlackTeam "Richmond"]
[WhiteTeamCountry "ENG"]
[BlackTeamCountry "ENG"]

1. e4 c5 2. Nf3 a6 3. d4 cxd4 4. Nxd4 Nf6 5. Nc3 e5 6. Nf3 Bb4 7. Bd3 d6 8. 0-0 Nbd7 9. Qe2 0-0 10. Rd1 Qe7 11. Bg5 Bxc3 12. bxc3 Nc5 13. Rab1 Be6 14. c4 Rac8 15. Re1 h6 16. Bd2 Bg4 17. h3 Bh5 18. Qe3 Bg6 19. Nh4 Bxe4 20. Nf5 Bxf5 21. Bxf5 Ne6 22. f4 Rxc4 23. fxe5 dxe5 24. Qxe5 Rd8 25. Ba5 Rd5 26. Qb8+ Qf8 27. Qxf8+ Nxf8 28. Bd3 Ra4 29. Bc3 b5 30. Rbd1 N8d7 31. Re7 Rxa2 32. Rde1 Ra4 33. R1e3 Kf8 34. Bxf6 Nxf6 35. Ra7 Rad4 36. Rxa6 b4 37. Bc4 Rd8 38. Bb3 R4d6 39. Ra7 R6d7 40. Ra5 Rb8 41. Kf1 g6 42. Ke2 Kg7 43. Rae5 Rbb7 44. Rd3 Rdc7 45. Rd4 h5 1/2-1/2

[Event "BCF-chT2 9798 (4NCL)"]
[Site "England"]
[Date "1997.11.22"]
[Round "3.4"]
[White "Black, Richard"]
[Black "Singleton, Michael Peter F"]
[Result "1-0"]
[WhiteElo "2288"]
[BlackElo "2080"]
[PlyCount "79"]
[EventDate "1997.11.??"]
[EventType "team"]
[EventRounds "11"]
[EventCountry "ENG"]
[SourceTitle "EXT 1999"]
[Source "ChessBase"]
[SourceDate "1998.11.16"]
[SourceVersion "1"]
[SourceVersionDate "1998.11.16"]
[SourceQuality "1"]
[WhiteTeam "Simpsons"]
[BlackTeam "Guildford II"]
[WhiteTeamCountry "ENG"]
[BlackTeamCountry "ENG"]

1. e4 c5 2. Nf3 e6 3. d4 cxd4 4. Nxd4 Nf6 5. Nc3 Nc6 6. Ndb5 d6 7. Bf4 e5 8. Bg5 a6 9. Na3 b5 10. Bxf6 gxf6 11. Nd5 f5 12. c3 Rg8 13. exf5 Rb8 14. Nc2 Qg5 15. Nce3 Ne7 16. h4 Qh6 17. g4 Nxd5 18. Nxd5 Bb7 19. g5 Rxg5 20. hxg5 Qxh1 21. Nf6+ Kd8 22. Qd3 Bf3 23. a4 bxa4 24. b4 e4 25. Qxa6 e3 26. Qa5+ Kc8 27. Qxa4 Bc6 28. Qa6+ Kd8 29. Qa5+ Kc8 30. 0-0-0 Bb7 31. Bb5 Qxd1+ 32. Kxd1 Ra8 33. Bd7+ Kb8 34. Qd8+ Ka7 35. Qa5+ Kb8 36. Qxa8+ Kxa8 37. fxe3 h6 38. Nh7 Be7 39. f6 Bd8 40. g6 1-0

[Event "Bermuda"]
[Site "Bermuda"]
[Date "1996.??.??"]
[Round "11"]
[White "Donaldson, John W"]
[Black "Black, Richard"]
[Result "1-0"]
[WhiteElo "2420"]
[BlackElo "2200"]
[PlyCount "135"]
[EventDate "1996.??.??"]
[EventType "tourn"]
[EventRounds "11"]
[EventCountry "BER"]
[EventCategory "3"]
[SourceTitle "EXT 2000"]
[Source "ChessBase"]
[SourceDate "1999.11.16"]
[SourceVersion "1"]
[SourceVersionDate "1999.11.16"]
[SourceQuality "1"]

1. e4 g6 2. d4 Bg7 3. Nf3 d6 4. Be2 Nf6 5. Nc3 0-0 6. 0-0 c6 7. a4 Nbd7 8. Be3 e5 9. dxe5 dxe5 10. Nd2 Qe7 11. Nc4 Nc5 12. Qd6 Qxd6 13. Nxd6 Ne6 14. Rfd1 Nf4 15. Bf1 Ng4 16. Bc5 Ne6 17. Ba3 Nd4 18. Bd3 b6 19. Nxc8 Rfxc8 20. Ne2 Rd8 21. c3 Nb3 22. Rab1 Rd7 23. Nc1 Nxc1 24. Rbxc1 Rad8 25. Be2 Nf6 26. f3 Bf8 27. Bxf8 Kxf8 28. Rxd7 Rxd7 29. Kf2 Ke7 30. Ke3 Ne8 31. g3 f6 32. a5 b5 33. c4 bxc4 34. Rxc4 Kd6 35. Rb4 Kc7 36. f4 Nd6 37. fxe5 fxe5 38. h4 Rf7 39. Rb3 Rf8 40. Bd3 Rf7 41. Rc3 Rf8 42. Rc5 Re8 43. b4 Nb7 44. Rc1 Rf8 45. Bb5 Rf6 46. Ba4 Kd7 47. g4 Nd8 48. b5 cxb5 49. Bxb5+ Kd6 50. Rd1+ Kc5 51. Rxd8 Kxb5 52. Rd5+ Kb4 53. Rxe5 Ra6 54. Kd4 Rf6 55. Re7 a6 56. Rxh7 Kxa5 57. g5 Rf1 58. Ke5 Kb4 59. Rg7 a5 60. Rxg6 a4 61. h5 a3 62. Ra6 Rh1 63. h6 Kb3 64. Kf6 a2 65. Kg7 a1Q+ 66. Rxa1 Rxa1 67. h7 Ra7+ 68. Kh6 1-0